MESTSKÁ KNIŽNICA GIRALTOVCE  - online katalóg 

Moje vymodlené dieťa ma privádza do zúfalstva: (Record no. 22850)

000 -NÁVESTIE
fixed length control field 02133cam a2200529 4500
001 - EVIDENČNÉ ČÍSLO ZÁZNAMU - Kontrolné číslo
control field vtls011843541
005 - DÁTUM A ČAS POSLEDNEJ TRANSAKCIE
control field 20200129130121.0
008 - ÚDAJE S PEVNOU DĹŽKOU – VŠEOBECNÉ INFORMÁCIE
fixed length control field 190301s2019 xo a grf 010 0 slo
020 ## - MEDZINÁRODNÉ ŠTANDARDNÉ ČÍSLO KNIHY (ISBN)
Medzinárodné štandardné číslo knihy (ISBN) 9788022209588
Qualifying information (viazané)
040 ## - ZDROJ KATALOGIZÁCIE
Pôvodná katalogizujúca agentúra TTKJF
Jazyk katalogizácie slo
Prepisujúca agentúra TTKJF
Modifikujúca agentúra SNK
Konvencie popisu rda
041 1# - KÓD JAZYKA
Kód jazyka textu/zvukovej stopy alebo samostatných nápisov slo
Kód jazyka originálu a/alebo sprostredkujúcich prekladov textu ger
044 ## - KÓD KRAJINY VYDAVATEĽA/PRODUCENTA
Kód krajiny MARC xo
Kód krajiny ISO SK
072 #7 - KÓD PREDMETOVEJ KATEGÓRIE
Kód predmetovej kategórie 37
Pododdiel kódu predmetovej kategórie Výchova a vzdelávanie
Zdroj konspekt
080 ## - ČÍSLO MEDZINÁRODNÉHO DESATINNÉHO TRIEDENIA (MDT)
Číslo Medzinárodného desatinného triedenia (MDT) 173.5:173.7
Identifikátor vydania 2011
080 ## - ČÍSLO MEDZINÁRODNÉHO DESATINNÉHO TRIEDENIA (MDT)
Číslo Medzinárodného desatinného triedenia (MDT) 37.015.311-053.2
Identifikátor vydania 2011
080 ## - ČÍSLO MEDZINÁRODNÉHO DESATINNÉHO TRIEDENIA (MDT)
Číslo Medzinárodného desatinného triedenia (MDT) 159.922.7
Identifikátor vydania 2011
080 ## - ČÍSLO MEDZINÁRODNÉHO DESATINNÉHO TRIEDENIA (MDT)
Číslo Medzinárodného desatinného triedenia (MDT) 159.942
Identifikátor vydania 2011
080 ## - ČÍSLO MEDZINÁRODNÉHO DESATINNÉHO TRIEDENIA (MDT)
Číslo Medzinárodného desatinného triedenia (MDT) 316.614.5
Identifikátor vydania 2011
080 ## - ČÍSLO MEDZINÁRODNÉHO DESATINNÉHO TRIEDENIA (MDT)
Číslo Medzinárodného desatinného triedenia (MDT) (0.062)
Identifikátor vydania 2011
080 ## - ČÍSLO MEDZINÁRODNÉHO DESATINNÉHO TRIEDENIA (MDT)
Číslo Medzinárodného desatinného triedenia (MDT) (035)
Identifikátor vydania 2011
100 1# - OSOBNÉ MENÁ – VŠEOBECNÉ INFORMÁCIE
Osobné meno Graf, Danielle
Kód roly 0 aut
-- 1405
240 14 - UNIFIKOVANÝ NÁZOV
Unifikovaný názov Das gewünschteste Wunschkind aller Zeiten treibt mich in den Wahnsinn. Gelassen durch die Jahre 5 bis 10
Jazyk diela Slovensky
245 10 - NÁZOV
Názov Moje vymodlené dieťa ma privádza do zúfalstva:
Zvyšok názvu ľahkým krokom od 5 do 10 rokov
Číslo časti diela 2
Údaj o zodpovednosti atď. Danielle Graf, Katja Seide ; z nemeckého originálu Das gewünschteste Wunschkind aller Zeiten treibt mich in den Wahnsinn. Gelassen durch die Jahre 5 bis 10 ... preložila Katarína Széherová
250 ## - ÚDAJ O PORADÍ VYDANIA
Údaj o poradí vydania Vydanie I.
264 #1 - VYDAVATEĽSKÉ ÚDAJE, DISTRIBÚCIA ATĎ. - RDA
Miesto publikovania, distribúcie atď. Bratislava
Názov vydavateľa, distibútora atď. Tatran
Dátum publikovania, distribúcie atď. 2019
300 ## - FYZICKÝ POPIS
Rozsah 350 strán
Rozmery 21cm
336 ## - TYP OBSAHU
Typ obsahu - termín text
Typ obsahu - kód txt
Zdroj rdacontent
337 ## - TYP MÉDIA
Typ média - termín bez média
Typ média - kód n
Zdroj rdamedia
338 ## - TYP NOSIČA
Typ nosiča - termín zväzok
Typ nosiča - kód nc
Zdroj rdacarrier
500 ## - VŠEOBECNÁ POZNÁMKA
Formátovaná poznámka o obsahu Obsahuje biografické údaje o autorkách na strane 347
650 07 - PRIDANÝ VSTUP – PREDMET – TEMATICKÉ HESLO
Tematické heslo alebo geografický názov ako vstupný prvok rodičia a deti
Zdroj hesla alebo termínu SNKPH
-- 1600
650 07 - PRIDANÝ VSTUP – PREDMET – TEMATICKÉ HESLO
Tematické heslo alebo geografický názov ako vstupný prvok Parents and children
Zdroj hesla alebo termínu SNKPHeng
-- 1604
650 07 - PRIDANÝ VSTUP – PREDMET – TEMATICKÉ HESLO
Tematické heslo alebo geografický názov ako vstupný prvok výchova dieťaťa
Zdroj hesla alebo termínu SNKPH
-- 1598
650 07 - PRIDANÝ VSTUP – PREDMET – TEMATICKÉ HESLO
Tematické heslo alebo geografický názov ako vstupný prvok Child rearing
Zdroj hesla alebo termínu SNKPHeng
-- 1606
650 07 - PRIDANÝ VSTUP – PREDMET – TEMATICKÉ HESLO
Tematické heslo alebo geografický názov ako vstupný prvok psychológia dieťaťa
Zdroj hesla alebo termínu SNKPH
-- 1634
650 07 - PRIDANÝ VSTUP – PREDMET – TEMATICKÉ HESLO
Tematické heslo alebo geografický názov ako vstupný prvok Child psychology
Zdroj hesla alebo termínu SNKPHeng
-- 1648
650 07 - PRIDANÝ VSTUP – PREDMET – TEMATICKÉ HESLO
Tematické heslo alebo geografický názov ako vstupný prvok negatívne emócie
Zdroj hesla alebo termínu SNKPH
-- 1622
650 07 - PRIDANÝ VSTUP – PREDMET – TEMATICKÉ HESLO
Tematické heslo alebo geografický názov ako vstupný prvok Negative emotions
Zdroj hesla alebo termínu SNKPHeng
-- 1649
650 07 - PRIDANÝ VSTUP – PREDMET – TEMATICKÉ HESLO
Tematické heslo alebo geografický názov ako vstupný prvok psychológia rodiny
Zdroj hesla alebo termínu SNKPH
-- 1650
650 07 - PRIDANÝ VSTUP – PREDMET – TEMATICKÉ HESLO
Tematické heslo alebo geografický názov ako vstupný prvok Psychology of family
Zdroj hesla alebo termínu SNKPHeng
-- 1651
655 #7 - INDEXAČNÝ TERMÍN – ŽÁNER/FORMA
Údaje o žánri/forme alebo termín, ktorý je prvok fazety populárno-náučné publikácie
Zdroj termínu SNKPH
-- 1486
655 #7 - INDEXAČNÝ TERMÍN – ŽÁNER/FORMA
Údaje o žánri/forme alebo termín, ktorý je prvok fazety príručky
Zdroj termínu SNKPH
-- 1541
655 #7 - INDEXAČNÝ TERMÍN – ŽÁNER/FORMA
Údaje o žánri/forme alebo termín, ktorý je prvok fazety Popular works
Zdroj termínu SNKPHeng
-- 1487
655 #7 - INDEXAČNÝ TERMÍN – ŽÁNER/FORMA
Údaje o žánri/forme alebo termín, ktorý je prvok fazety Handbooks, manuals, etc.
Zdroj termínu SNKPHeng
-- 1630
700 1# - PRIDANÝ VSTUP – OSOBNÉ MENO
Osobné meno Seide, Katja
Kód roly aut
-- 1406
700 1# - PRIDANÝ VSTUP – OSOBNÉ MENO
Osobné meno Széherová, Katarína
Kód roly trl
-- 1652
Holdings
Stav stiahnutia (Blokovanie) (Withrawn status) Stav straty Zdroj klasifikácie pre skladovanie Stav poškodenia (Damaged status) Nie pre výpožičky (Not for loan) Spôsob nadobudnutia (Collection code) Trvalé umiestnenie Aktuálne umiestnenie Dátum nadobudnutia Inventárne číslo (prírastkové číslo) Celkom výpožičky Full call number Čiarový kód Dátum posledného výskytu Dátum poslednej výpôžičky Cena s účinnosťou od Typ jednotky Koha
          Kúpa Mestská knižnica Giraltovce Mestská knižnica Giraltovce 2020-01-29 21201 3 I1851 I1851 2026-04-21 2026-02-25 2020-01-29 Odborná literatúra pre dospelých

Powered by Koha